Регионална библиотека "Любен Каравелов" - Русе

Драконите и познанието за тях (Запис номер 146933)

MARC детайли
000 -Лидер
Лидер 01738nam a2200397 a 4500
003 - Код на организацията, давaща контролен номер
Код на организацията, даваща контролен номер BLK
005 - Дата и час на последна редакция
Дата и час на последна редакция 20230714173023.0
008 - Елементи от данни с фиксирана дължина
Елементи с фиксирана дължина 180410b bul|||||r ||||||| ||bul||
020 ## - Международен стандартен номер на книга ISBN
ISBN 9789543191338
040 ## - Източник на каталожния запис
Код на библиотеката BLK
041 ## - Код за език
Език Български
Език за КДБФ Български
080 ## - УДК
УДК текст Митологични сказания и сюжети
УДК код 398.22
УДК – код + определител 398.22
080 ## - УДК
УДК текст Религиозни учения. Догми. Обожествяване на природата - култ към фалоса и черепа, митове, тотемизъм, табу, манизъм, анимизъм, фетишизъм, тотемизъм. Демони. Космогония. Край на света. Есхатология
УДК код 291.2
УДК – код + определител 291.2
100 1# - Редна дума - Автор
Автор Ингърсол, Ернест
R(LIN) 72965
245 10 - Сведения за заглавието
Заглавие Драконите и познанието за тях
Авторска отговорност Ернест Ингърсол ; прев. от англ. Ивайло Атанасов.
257 ## - Страна на издаване
Страна на създаване/издаване Съединени американски щати
260 ## - Област на издателските данни
Място на издаване София
Име на издателя Шамбала
Година на издаване 2008
Печатница Перник : Съперник
300 ## - Физическа характеристика
Брой страници 256 с.
Илюстрации с ил.
Размер 20 см
380 ## - Жанр
Жанр Обществени науки
500 ## - Общи забележки
Обща забележка Ориг. загл. Dragons and dragon lore / Ernest Ingersoll.
650 #4 - Допълнително описание по предмет – тема
Предметна рубрика Митология, източна
9 (RLIN) 285273
653 ## - Ключова дума – ненормативна
Ключови думи митология
653 ## - Ключова дума – ненормативна
Ключови думи дракони
653 ## - Ключова дума – ненормативна
Ключови думи легенди
653 ## - Ключова дума – ненормативна
Ключови думи теми
653 ## - Ключова дума – ненормативна
Ключови думи сюжети
659 ## - Тематичен бюлетин
Тематичен бюлетин Н
700 1# - Други автори (авторска отговорност)
Друг автор Атанасов, Ивайло
Авт. отговорност на др. автор прев. от англ.
9 (RLIN) 380146
852 ## - Местоположение
Сигнатура (форматна) Цб 266314
Отдел Хранилище
856 4# - Електронен адрес и достъп
Електронен формат pdf - файл
856 4# - Електронен адрес и достъп
Електронен формат pdf - файл
942 ## - АРТИКУЛИ
Вид на библиотечния документ Книги
Скрит в OPAC Не
944 ## - СЪЗДАВАНЕ И РЕДАКЦИЯ на ЗАПИСА
Създаване/Редакция Създаване
Дата на регистрацията/редакция 12.11.2013
Служител, извършил регистрацията/редакцията 30550
Номер на служител Кети Илиева
944 ## - СЪЗДАВАНЕ И РЕДАКЦИЯ на ЗАПИСА
Създаване/Редакция Редакция
Дата на регистрацията/редакция 2023
Служител, извършил регистрацията/редакцията Кети
999 ## - СИСТЕМНИ КОНТРОЛНИ НОМЕРА
Koha biblionumber 146933
Koha biblioitemnumber 146933
Наличности
Код за отписване Код за изгубен артикул Код за повреда Коз за рестрикции Код за отдаване Артикулен № Име на библиотеката - собственик Име на библиотеката, в която се намира в момента Статус (Текущо местоположение) Дата на вписване в системата Местоположение - отдел Цена в лева Инвентарен номер Систематично азбучна сигнатура Баркод Номер на екземпляра Цена в евро Служебна бележка Служебен тип на артикула Източник на класификационната схема
  Не е изгубен Не е повреден без рестрикции ползва се в читалня 244519 Регионална библиотека "Любен Каравелов" Русе Регионална библиотека "Любен Каравелов" Русе Хранилище 2013-11-14 Хранилище 10.00 120000771465 Цб 266314 120000771465 1 5.11 Дост: Dp Вид: Д N: 42 Дата: 16.10.2012 Книги  
  Не е изгубен Не е повреден   заемане за дома 931457 Регионална библиотека "Любен Каравелов" Русе Регионална библиотека "Любен Каравелов" Русе Заемна - подръчен фонд 2023-07-21 Заемна - подръчен фонд 9.90 120000890606 398/И 63 Е 120000890606   5.06   Книги Universal Decimal Classification
Vip Innovations Ltd, Rousse, Bulgaria 2025